Leasehold Valuation Tribunal (Record no. 67790)
[ view plain ]
| 000 -LEADER | |
|---|---|
| fixed length control field | 01573cam a2200241 4500 |
| 001 - CONTROL NUMBER | |
| control field | WB3729-19 |
| 008 - FIXED-LENGTH DATA ELEMENTS--GENERAL INFORMATION | |
| fixed length control field | 010726n2001 000 0 eng u |
| 035 ## - SYSTEM CONTROL NUMBER | |
| System control number | (Sirsi) u113790 |
| 245 ## - TITLE STATEMENT | |
| Title | Leasehold Valuation Tribunal |
| 260 ## - PUBLICATION, DISTRIBUTION, ETC. | |
| Date of publication, distribution, etc. | 2001 |
| 490 ## - SERIES STATEMENT | |
| Series statement | Estates Gazette |
| Volume/sequential designation | [2001] 29 EG 122 (CS) |
| 520 ## - SUMMARY, ETC. | |
| Summary, etc. | "Daejan Properties Ltd v London Leasehold Valuation Tribunal" CA 12 July. Tenant (B) was paying service charges for a flat in London. B applied to the LVT under S19(2A) of the Landlord and Tenant Act 1985. Issue of whether the tribunal had jurisdiction to determine whether service charges had already been paid by B. Landlord (D) submitted that there were reasons for tribunal's powers being limited. LVT ruled that it had jurisdiction to hear applications in relation to service charges that had been paid. The HC dismissed D's appeal that the LVT did not have jurisdiction to consider service charges which had been paid. The CA overturned the HC's decision allowing D's appeal. Full copy of judgement available on http://porch.ccta.gov.uk/courtser/judgements.nsf/Search/0F587CAFA3EE0EE180256A8B0036A64E?OpenDocument |
| 590 ## - LOCAL NOTE (RLIN) | |
| Local note | WB |
| 650 ## - SUBJECT ADDED ENTRY--TOPICAL TERM | |
| Topical term or geographic name entry element | R V LONDON LVT EX P DAEJAN PROPERTIES LTD |
| 650 ## - SUBJECT ADDED ENTRY--TOPICAL TERM | |
| Topical term or geographic name entry element | LEASEHOLD VALUATION TRIBUNAL |
| 650 ## - SUBJECT ADDED ENTRY--TOPICAL TERM | |
| Topical term or geographic name entry element | JURISDICTION |
| 650 ## - SUBJECT ADDED ENTRY--TOPICAL TERM | |
| Topical term or geographic name entry element | SERVICE CHARGES |
| 650 ## - SUBJECT ADDED ENTRY--TOPICAL TERM | |
| Topical term or geographic name entry element | LANDLORD AND TENANT ACT 1985 S19 (2A) |
| 650 ## - SUBJECT ADDED ENTRY--TOPICAL TERM | |
| Topical term or geographic name entry element | RESTITUTION |
| 690 ## - LOCAL SUBJECT ADDED ENTRY--TOPICAL TERM (OCLC, RLIN) | |
| Topical term or geographic name as entry element | LANDLORD AND TENANT-LEASES-CASE LAW |
| 856 ## - ELECTRONIC LOCATION AND ACCESS | |
| Uniform Resource Identifier | <a href="https://porch.ccta.gov.uk/courtser/judgements.nsf/Search/0F587CAFA3EE0EE180256A8B0036A64E?OpenDocument">https://porch.ccta.gov.uk/courtser/judgements.nsf/Search/0F587CAFA3EE0EE180256A8B0036A64E?OpenDocument</a> |
| 942 ## - ADDED ENTRY ELEMENTS (KOHA) | |
| Suppress in OPAC | 0 |
| Withdrawn status | Lost status | Source of classification or shelving scheme | Damaged status | Not for loan | Home library | Current library | Shelving location | Date acquired | Total Checkouts | Full call number | Barcode | Date last seen | Copy number | Price effective from | Koha item type |
|---|---|---|---|---|---|---|---|---|---|---|---|---|---|---|---|
| Dewey Decimal Classification | London | London | News article | 26/07/2001 | WB3729-19 | 113790-1001 | 06/08/2019 | 1 | 06/08/2019 | Law report |